[Event "Challenge"]
[Site "http://www.queenalice.com/game.php?id=1619551"]
[Date "2020.7.6"]
[Round "-"]
[White "Yoshi_PL"]
[Black "boris555"]
[Result "0-1"]
[WhiteElo "1810"]
[BlackElo "1752"]

1. e4 e6 2. Nf3 d5 3. exd5 exd5 4. Nc3 Nf6 5. h3 h6 6. d3 Bb4 7. a3 Ba5 8. b4
Bb6 9. d4 c6 10. b5 Qe7+ 11. Ne5 Nbd7 12. bxc6 bxc6 13. Be3 Nxe5 14. dxe5 Qxe5
15. Qd3 d4 16. f4 Qxe3+ 17. Qxe3+ dxe3 18. O-O-O O-O 19. Bc4 Re8 20. Rhe1 Be6
21. Bxe6 Rxe6 22. f5 Re5 23. g4 Ne4 24. Nxe4 Rxe4 25. Rd3 Rae8 26. Re2 Rf4 27.
Rd1 Rf2 28. Rxf2 exf2 29. Rf1 Re1+ 30. Rxe1 fxe1=Q+ 31. Kb2 Bd4+ 32. Kb3 Qc3+
33. Ka4 Qb2 34. c4 Bc5 35. h4 Qxa3# 0-1

[Event "Challenge"]
[Site "http://www.queenalice.com/game.php?id=1625165"]
[Date "2020.8.27"]
[Round "-"]
[White "Yoshi_PL"]
[Black "giobonatto"]
[Result "1/2-1/2"]
[WhiteElo "1775"]
[BlackElo "1770"]

1. e4 e6 2. Nf3 d5 3. d3 c5 4. c3 dxe4 5. dxe4 Qxd1+ 6. Kxd1 Nf6 7. Bd3 Nc6 8.
Bf4 c4 9. Bxc4 Nxe4 10. Rf1 Bd6 11. Bxd6 Nxd6 12. Nbd2 e5 13. Re1 f6 14. b3 b6
15. Ne4 Nxc4 16. bxc4 Ke7 17. c5 Rd8+ 18. Kc1 Be6 19. Rd1 Rxd1+ 20. Kxd1 Rd8+
21. Ke1 Bd5 22. Nfd2 f5 23. Nd6 bxc5 24. Nxf5+ Kf7 25. g4 e4 26. a3 Ne5 27. Ne3
Nf3+ 28. Nxf3 exf3 29. Rd1 Ke6 30. c4 Rb8 31. Nxd5 Ke5 32. Kf1 Rb3 33. Re1+ Kd4
34. Re3 Rb1+ 35. Re1 Rxe1+ 36. Kxe1 Kxc4 37. Nc7 Kb3 38. Ne6 c4 39. Kd1 Kb2 40.
a4 c3 41. Nd4 h6 42. h3 g5 43. Nc2 a6 44. a5 Kb1 45. Ne3 Kb2 46. Nc4+ Kb3 47.
Ne3 1/2-1/2

[Event "Challenge"]
[Site "http://www.queenalice.com/game.php?id=1625438"]
[Date "2020.8.30"]
[Round "-"]
[White "Yoshi_PL"]
[Black "Denderlersidst"]
[Result "0-1"]
[WhiteElo "1774"]
[BlackElo "1696"]

1. e4 e5 2. Nf3 f6 3. Bc4 c6 4. O-O d5 5. exd5 cxd5 6. Bb5+ Bd7 7. Qe2 e4 8. d4
a6 9. Bxd7+ Qxd7 10. Nc3 Bb4 11. a3 Bxc3 12. bxc3 Ne7 13. Nh4 g5 14. Qh5+ Kd8
15. Qf7 gxh4 16. Qxf6 Qe8 17. Qxh4 h6 18. Bf4 Qg6 19. Rab1 Rg8 20. g3 b6 21. f3
Nd7 22. Rbe1 Nf6 23. Qxh6 Qxh6 24. Bxh6 Kd7 25. fxe4 Nxe4 26. Rf7 Ke8 27. Rg7
Rxg7 28. Bxg7 Rc8 29. Re3 Nf5 30. Rf3 Nxg7 31. h4 Nxc3 32. Kh2 Ne2 33. Re3+ Kf7
34. Rxe2 Rc4 35. Rd2 Nf5 36. Rf2 Kg6 37. h5+ Kg5 38. Re2 Rxd4 39. Re5 Kf6 40.
Rxf5+ Kxf5 41. Kh3 Kg5 42. c3 Re4 43. h6 Kxh6 44. g4 Kg5 45. Kg3 Re3+ 46. Kf2
Rxc3 0-1

[Event "Challenge"]
[Site "http://www.queenalice.com/game.php?id=1628890"]
[Date "2020.10.3"]
[Round "-"]
[White "Yoshi_PL"]
[Black "joatanvaz"]
[Result "1-0"]
[WhiteElo "1706"]
[BlackElo "1860"]

1. e4 e6 2. Nf3 d5 3. d3 Nf6 4. Nc3 Bb4 5. a3 Be7 6. h3 O-O 7. Ne5 Nbd7 8. Bf4
dxe4 9. dxe4 Nxe5 10. Bxe5 c6 11. b4 1-0

[Event "Challenge"]
[Site "http://www.queenalice.com/game.php?id=1630606"]
[Date "2020.10.22"]
[Round "-"]
[White "Yoshi_PL"]
[Black "Nuzzera"]
[Result "1-0"]
[WhiteElo "1775"]
[BlackElo "1492"]

1. e4 e5 2. Nf3 d5 3. Bd3 Nf6 4. Nc3 Bb4 5. Nxe5 Qe7 6. a3 Bxc3 7. Nxf7 Bxb2 8.
Bxb2 Qxf7 9. f3 O-O 10. Qe2 Re8 11. O-O-O dxe4 12. Bxe4 Bf5 13. d3 Qg6 14. Bxf6
Qxf6 15. Bd5+ Kf8 16. Qf2 Qa1+ 17. Kd2 Qxa3 18. Qd4 Qa5+ 19. Kc1 c6 20. g4 Bg6
21. Qf4+ Ke7 22. Rhe1+ Kd8 23. Qg5+ Kc7 24. Rxe8 Bxe8 25. Qxg7+ Nd7 26. Be6 Qa3+
27. Qb2 Qd6 28. Bxd7 Bxd7 29. c4 Qf4+ 30. Rd2 Qxf3 31. Qe5+ Kd8 32. Qh8+ Be8 33.
Qxh7 b5 34. Qe4 Qf1+ 35. Kb2 Qf6+ 36. Kc2 Bg6 37. g5 Qd6 38. Qh4 bxc4 39. Qxc4
a5 40. Rf2 Kc7 41. h4 1-0

[Event "Challenge"]
[Site "http://www.queenalice.com/game.php?id=1638777"]
[Date "2021.1.4"]
[Round "-"]
[White "Yoshi_PL"]
[Black "Denderlersidst"]
[Result "0-1"]
[WhiteElo "1774"]
[BlackElo "1702"]

1. d4 d5 2. Bf4 Nc6 3. Nf3 f6 4. e3 g5 5. Bg3 a6 6. c3 Bg4 7. h3 Bh5 8. h4 g4 9.
Nh2 f5 10. Bd3 e6 11. Nd2 Nf6 12. O-O Ne4 13. Nxe4 dxe4 14. Bc4 Qe7 15. Qb3 Na5
16. Qa4+ b5 17. Qxa5 bxc4 18. Qxc7 Qxc7 19. Bxc7 Kd7 20. Be5 Rg8 21. Rad1 g3 22.
Nf3 exf3 23. gxf3 Bxf3 24. Rd2 g2 25. Re1 Bd6 26. b3 Rg4 27. Kh2 Rxh4+ 28. Kg3
Rg4+ 29. Kh3 g1=Q 30. Rxg1 Rxg1 31. bxc4 Rag8 0-1

[Event "Challenge"]
[Site "http://www.queenalice.com/game.php?id=1639183"]
[Date "2021.1.8"]
[Round "-"]
[White "Yoshi_PL"]
[Black "milan15fc"]
[Result "1-0"]
[WhiteElo "1735"]
[BlackElo "1607"]

1. e4 e5 2. Nc3 d6 3. d4 f6 4. Be3 f5 5. Bd3 exd4 6. Bxd4 fxe4 7. Bxe4 Qe7 8.
Qe2 Nf6 9. Nf3 d5 10. Bxd5 Qxe2+ 11. Kxe2 c6 12. Be4 Bb4 13. Bxf6 gxf6 14. a3
Bxc3 15. bxc3 f5 16. Bd3 b5 17. Rhe1 O-O 18. Kf1 Na6 19. Re5 Bd7 20. Rae1 Nc7
21. Re7 Rad8 22. Ne5 Be6 23. Rxc7 Bd5 24. c4 bxc4 25. Bxc4 Bxc4+ 26. Nxc4 Rf6
27. Ne5 Re8 28. Nxc6 Rxe1+ 29. Kxe1 Rh6 30. h3 a6 31. Nd4 f4 32. c3 Rg6 33. Rc6
Rxg2 34. Rxa6 Rh2 35. Rh6 Kg7 36. Rh4 Rh1+ 37. Kd2 Kg6 38. Rg4+ Kh5 39. Rxf4
Rxh3 40. a4 Rh1 41. a5 Ra1 42. Rf5+ Kg4 43. Nb3 Ra3 44. Rb5 Ra2+ 45. Ke3 h5 46.
f3+ Kh4 47. c4 Rc2 48. Nd2 Rc3+ 49. Ke2 Ra3 50. c5 Kg3 51. c6 h4 52. c7 Rc3 53.
Ne4+ Kg2 54. Nxc3 h3 55. c8=Q h2 56. Rh5 h1=Q 57. Rxh1 Kxh1 58. Qg8 Kh2 59. a6
Kh3 60. a7 1-0

[Event "Challenge"]
[Site "http://www.queenalice.com/game.php?id=1640383"]
[Date "2021.1.18"]
[Round "-"]
[White "Ew"]
[Black "Yoshi_PL"]
[Result "0-1"]
[WhiteElo "1674"]
[BlackElo "1756"]

1. e4 e5 2. d4 Nf6 3. dxe5 Nxe4 4. f3 Qh4+ 5. g3 Nxg3 6. hxg3 Qxh1 7. Nh3 Qh2 8.
Bf4 Bc5 9. Nc3 d6 10. Qd3 Bxh3 11. Bxh3 Qxh3 12. Ne4 Nd7 13. Nxc5 Nxc5 14. Qb5+
c6 15. Qe2 O-O-O 16. O-O-O dxe5 17. Bxe5 Rxd1+ 18. Qxd1 f6 19. Bd4 Rd8 20. b3
Qxg3 21. c3 Ne6 22. Qd3 Nxd4 23. cxd4 Qf4+ 24. Qd2 Rxd4 25. Qxf4 Rxf4 0-1

[Event "Challenge"]
[Site "http://www.queenalice.com/game.php?id=1646865"]
[Date "2021.3.16"]
[Round "-"]
[White "charles31"]
[Black "Yoshi_PL"]
[Result "0-1"]
[WhiteElo "1668"]
[BlackElo "1807"]

1. e4 c5 2. Nc3 g6 3. h3 Bg7 4. d3 d6 5. Bg5 h6 6. Bh4 Be6 7. Be2 Nf6 8. a3 a6
9. Nf3 Nc6 10. g4 Qa5 11. Nd2 d5 12. exd5 Nxd5 13. Nxd5 Bxd5 14. f3 Bxb2 15. Rb1
Bxa3 16. Rxb7 Ra7 17. Rxa7 Nxa7 18. Rh2 Nb5 19. Qa1 Nd4 20. c3 Nc2+ 0-1

[Event "Challenge"]
[Site "http://www.queenalice.com/game.php?id=1648075"]
[Date "2021.3.29"]
[Round "-"]
[White "Yoshi_PL"]
[Black "Rasumichin"]
[Result "1-0"]
[WhiteElo "1823"]
[BlackElo "1784"]

1. e4 e5 2. Nc3 Nc6 3. Bc4 Nf6 4. d3 Bc5 5. f3 d6 6. Nd5 Nxd5 7. Bxd5 Bd7 8. f4
exf4 9. Bxf4 Qf6 10. Qc1 h6 11. Nf3 Ne5 12. Nxe5 dxe5 13. Bg3 c6 14. Rf1 Qe7 15.
Bxf7+ Kd8 16. Bh5 Kc7 17. Qd2 Qg5 18. Qxg5 hxg5 19. Bxe5+ Bd6 20. Bxd6+ Kxd6 21.
g4 Be6 22. b3 b5 23. O-O-O c5 24. d4 cxd4 25. Rxd4+ Kc5 26. Rfd1 Rac8 27. b4+
Kc6 28. Rd6+ Kc7 29. Rxe6 Kb8 30. Re5 a6 31. Rxg5 Rcg8 32. e5 g6 33. Rxg6 Rxg6
34. Bxg6 Rxh2 35. e6 Re2 36. Bf5 Kc7 37. Rd7+ Kc8 38. e7 Rxe7 39. Rxe7+ Kd8 40.
Re6 Kd7 41. g5 Kd8 42. g6 Kd7 43. g7 Kd8 44. g8=Q+ Kd7 45. Rf6+ Ke7 46. Qg7+ 1-0

[Event "Challenge"]
[Site "http://www.queenalice.com/game.php?id=1759084"]
[Date "2021.5.10"]
[Round "-"]
[White "Yoshi_PL"]
[Black "pariolinius"]
[Result "1-0"]
[WhiteElo "1844"]
[BlackElo "1858"]

1. e4 c6 2. d4 d5 3. exd5 cxd5 4. Bd3 Nf6 5. c3 e6 6. Nf3 Nc6 7. Bf4 Be7 8. Nbd2
O-O 9. O-O Qb6 10. Qb3 Qxb3 11. axb3 Bd7 12. b4 a6 13. Nb3 Rac8 14. Nc5 b6 15.
Nxd7 Nxd7 16. b5 axb5 17. Bxb5 Ncb8 18. Bxd7 Nxd7 19. Ra7 Rcd8 20. Ne5 Nxe5 21.
Bxe5 Rfe8 22. Rfa1 f6 23. Bc7 Rc8 24. Bxb6 Bd6 25. Rd7 Bb8 26. Ba7 Bf4 27. g3
Bh6 28. Bc5 Ra8 29. Rda7 Rab8 30. b4 Bd2 31. R1a3 Bc1 32. Rb3 f5 33. b5 Bg5 34.
b6 e5 35. dxe5 Rxe5 36. Bd4 Re1+ 37. Kg2 Bf6 38. Bxf6 gxf6 39. b7 Re7 40. Ra8
Ree8 41. Rb6 Kf7 42. Rd6 Ke7 43. Rxd5 Rxa8 44. bxa8=Q Rxa8 45. Rxf5 Rc8 46. Rh5
Rh8 47. c4 Kd6 48. h4 Ke6 49. c5 Kd7 50. g4 Ke7 51. Kh3 Kd7 52. f4 Kc6 53. Rf5
Rf8 54. g5 1-0

[Event "Challenge"]
[Site "http://www.queenalice.com/game.php?id=1764384"]
[Date "2021.7.15"]
[Round "-"]
[White "avieytoa"]
[Black "Yoshi_PL"]
[Result "1-0"]
[WhiteElo "1924"]
[BlackElo "1867"]

1. e4 c5 2. Bc4 e6 3. Nf3 Nc6 4. Nc3 Nf6 5. a3 h6 6. h3 d6 7. d3 d5 8. exd5 exd5
9. Ba2 Bd6 10. Nxd5 Nxd5 11. Bxd5 Ne5 12. O-O O-O 13. Re1 Qf6 14. c4 Nxf3+ 15.
Bxf3 Be5 16. Rb1 Rb8 17. b4 Bc3 18. Re3 cxb4 19. axb4 b5 20. c5 Bd7 21. Bd2 Bxd2
22. Qxd2 Rbe8 23. Rxe8 Rxe8 24. d4 Bf5 25. Rd1 Qg6 26. Kh2 Bd7 27. d5 Rd8 28. d6
Qf5 29. Qd4 Rc8 30. Bb7 Rd8 31. c6 Be8 32. c7 1-0

[Event "Challenge"]
[Site "http://www.queenalice.com/game.php?id=1765778"]
[Date "2021.7.30"]
[Round "-"]
[White "Yoshi_PL"]
[Black "Eggchaser"]
[Result "1-0"]
[WhiteElo "1849"]
[BlackElo "1828"]

1. e4 c5 2. Nc3 Nc6 3. f4 g6 4. Nf3 d6 5. Bc4 e6 6. d3 Bg7 7. Bd2 Nge7 8. O-O a6
9. a3 b5 10. Bb3 Bb7 11. Ra2 Nd4 12. Nxd4 Bxd4+ 13. Kh1 O-O 14. Ne2 Bg7 15. c4
Nc6 16. Bc3 Nd4 17. Nxd4 cxd4 18. Bd2 bxc4 19. Bxc4 d5 20. exd5 Bxd5 21. Qa4
Bxc4 22. Qxc4 Qd7 23. b4 Rfc8 24. Qb3 Qd6 25. Rc2 Qd7 26. Rfc1 Rxc2 27. Rxc2 Rc8
28. Rxc8+ Qxc8 29. Qc4 Qb7 30. a4 1-0

[Event "Challenge"]
[Site "http://www.queenalice.com/game.php?id=1768228"]
[Date "2021.8.29"]
[Round "-"]
[White "madriles"]
[Black "Yoshi_PL"]
[Result "0-1"]
[WhiteElo "1905"]
[BlackElo "1868"]

1. d4 Nf6 2. c4 g6 3. Nc3 Bg7 4. Nf3 d6 5. e3 O-O 6. Bd3 Bg4 7. h3 Bxf3 8. Qxf3
c6 9. O-O Nbd7 10. b4 e5 11. d5 cxd5 12. cxd5 Nb6 13. e4 a6 14. Bg5 Rc8 15. Rac1
h6 16. Bh4 Qd7 17. Bxf6 Bxf6 0-1

[Event "Challenge"]
[Site "http://www.queenalice.com/game.php?id=1773025"]
[Date "2021.10.24"]
[Round "-"]
[White "biano"]
[Black "Yoshi_PL"]
[Result "0-1"]
[WhiteElo "1925"]
[BlackElo "1906"]

1. d4 Nf6 2. Nf3 e6 3. g3 c5 4. c4 b6 5. Bg2 Bb7 6. O-O Nc6 7. e3 d5 8. cxd5
exd5 9. b3 Bd6 10. Nc3 Ba6 11. Re1 O-O 12. Bb2 Nb4 13. dxc5 Bxc5 14. Bf1 Bxf1
15. Kxf1 Qd7 16. Qe2 Qf5 17. e4 dxe4 18. Nxe4 Rae8 19. Nxf6+ gxf6 20. Qxe8 Rxe8
21. Rxe8+ Kg7 22. Kg2 Qc2 23. Bd4 Nd3 0-1

[Event "Challenge"]
[Site "http://www.queenalice.com/game.php?id=1776823"]
[Date "2021.12.10"]
[Round "-"]
[White "Yoshi_PL"]
[Black "princesher"]
[Result "1-0"]
[WhiteElo "1925"]
[BlackElo "1986"]

1. e4 e5 2. Nc3 a6 3. Nf3 d6 4. d3 h6 5. Be3 Bg4 6. h3 Bxf3 7. Qxf3 Ne7 8. O-O-O
Nd7 9. d4 b5 10. Nd5 Nxd5 11. exd5 Qf6 12. Qxf6 gxf6 13. Bd3 exd4 14. Bxd4 Ne5
15. Rhe1 O-O-O 16. f4 Nxd3+ 17. Rxd3 Bg7 18. b4 Rhe8 19. Rde3 Rxe3 20. Rxe3 Kd7
21. g4 Rg8 22. Ra3 Ra8 23. g5 h5 24. gxf6 Bh6 25. Be3 c6 26. dxc6+ Kxc6 27. Rc3+
Kd7 28. f5 Bxe3+ 29. Rxe3 Re8 30. Kd2 Rxe3 31. Kxe3 d5 32. c3 Kd6 33. Kf4 h4 34.
a3 Kc6 35. Kg4 Kd7 36. Kxh4 Ke8 37. Kg4 Kf8 38. Kf4 Kg8 39. h4 Kh7 40. Ke5 Kh6
41. Kxd5 Kh5 42. Kd6 Kxh4 43. Ke7 Kg5 44. Kxf7 1-0